<?xml version="1.0" encoding="UTF-8"?>
<record
    xmlns:xsi="http://www.w3.org/2001/XMLSchema-instance"
    xsi:schemaLocation="http://www.loc.gov/MARC21/slim http://www.loc.gov/standards/marcxml/schema/MARC21slim.xsd"
    xmlns="http://www.loc.gov/MARC21/slim">

  <leader>00341pam a2200145 a 4500</leader>
  <datafield tag="020" ind1=" " ind2=" ">
    <subfield code="c"></subfield>
  </datafield>
  <datafield tag="041" ind1=" " ind2=" ">
    <subfield code="h"></subfield>
  </datafield>
  <datafield tag="082" ind1=" " ind2=" ">
    <subfield code="a">618.2</subfield>
    <subfield code="b">LAX</subfield>
  </datafield>
  <datafield tag="100" ind1=" " ind2=" ">
    <subfield code="a">LAXIMICHAND,.</subfield>
  </datafield>
  <datafield tag="245" ind1=" " ind2=" ">
    <subfield code="a">VIVA IN OBSTETRICS </subfield>
    <subfield code="h">Textual Documents</subfield>
  </datafield>
  <datafield tag="260" ind1=" " ind2=" ">
    <subfield code="a">[s.l]:</subfield>
    <subfield code="b">JAYPEE BROTHERS MEDICAL PUB. , ,</subfield>
    <subfield code="c">1994.</subfield>
  </datafield>
  <datafield tag="300" ind1=" " ind2=" ">
    <subfield code="a">202 ; </subfield>
    <subfield code="c">A4.</subfield>
  </datafield>
  <datafield tag="930" ind1=" " ind2=" ">
    <subfield code="a">140</subfield>
  </datafield>
  <datafield tag="999" ind1=" " ind2=" ">
    <subfield code="c">794676</subfield>
    <subfield code="d">794676</subfield>
  </datafield>
  <datafield tag="650" ind1=" " ind2=" ">
    <subfield code="a">OBST.GYNE</subfield>
  </datafield>
  <datafield tag="952" ind1=" " ind2=" ">
    <subfield code="0">0</subfield>
    <subfield code="1">0</subfield>
    <subfield code="4">0</subfield>
    <subfield code="7">0</subfield>
    <subfield code="8">Text Books</subfield>
    <subfield code="a">MCS</subfield>
    <subfield code="b">MCS</subfield>
    <subfield code="d">2005-05-28</subfield>
    <subfield code="e">NATIONAL BOOK DEPOT.</subfield>
    <subfield code="g">50.00</subfield>
    <subfield code="l">0</subfield>
    <subfield code="o">618.2 LAX</subfield>
    <subfield code="p">MCS-0729</subfield>
    <subfield code="r">2023-07-26 00:00:00</subfield>
    <subfield code="t">5</subfield>
    <subfield code="w">2023-07-26</subfield>
    <subfield code="y">BK</subfield>
  </datafield>
  <datafield tag="952" ind1=" " ind2=" ">
    <subfield code="0">0</subfield>
    <subfield code="1">0</subfield>
    <subfield code="4">0</subfield>
    <subfield code="7">0</subfield>
    <subfield code="8">Text Books</subfield>
    <subfield code="a">MCS</subfield>
    <subfield code="b">MCS</subfield>
    <subfield code="d">2005-05-28</subfield>
    <subfield code="e">NATIONAL BOOK DEPOT.</subfield>
    <subfield code="g">50.00</subfield>
    <subfield code="l">0</subfield>
    <subfield code="o">618.2 LAX</subfield>
    <subfield code="p">MCS-0728</subfield>
    <subfield code="r">2023-07-26 00:00:00</subfield>
    <subfield code="t">4</subfield>
    <subfield code="w">2023-07-26</subfield>
    <subfield code="y">BK</subfield>
  </datafield>
  <datafield tag="952" ind1=" " ind2=" ">
    <subfield code="0">0</subfield>
    <subfield code="1">0</subfield>
    <subfield code="4">0</subfield>
    <subfield code="7">0</subfield>
    <subfield code="8">Text Books</subfield>
    <subfield code="a">MCS</subfield>
    <subfield code="b">MCS</subfield>
    <subfield code="d">2005-05-28</subfield>
    <subfield code="e">NATIONAL BOOK DEPOT.</subfield>
    <subfield code="g">50.00</subfield>
    <subfield code="l">1</subfield>
    <subfield code="o">618.2 LAX</subfield>
    <subfield code="p">MCS-0727</subfield>
    <subfield code="q">2050-12-31</subfield>
    <subfield code="r">2023-11-10 00:00:00</subfield>
    <subfield code="s">2023-11-10</subfield>
    <subfield code="t">3</subfield>
    <subfield code="w">2023-07-26</subfield>
    <subfield code="y">BK</subfield>
  </datafield>
  <datafield tag="952" ind1=" " ind2=" ">
    <subfield code="0">0</subfield>
    <subfield code="1">0</subfield>
    <subfield code="4">0</subfield>
    <subfield code="7">0</subfield>
    <subfield code="8">Text Books</subfield>
    <subfield code="a">MCS</subfield>
    <subfield code="b">MCS</subfield>
    <subfield code="d">2005-05-28</subfield>
    <subfield code="e">NATIONAL BOOK DEPOT.</subfield>
    <subfield code="g">50.00</subfield>
    <subfield code="l">0</subfield>
    <subfield code="o">618.2 LAX</subfield>
    <subfield code="p">MCS-0726</subfield>
    <subfield code="r">2023-07-26 00:00:00</subfield>
    <subfield code="t">2</subfield>
    <subfield code="w">2023-07-26</subfield>
    <subfield code="y">BK</subfield>
  </datafield>
  <datafield tag="952" ind1=" " ind2=" ">
    <subfield code="0">0</subfield>
    <subfield code="1">0</subfield>
    <subfield code="4">0</subfield>
    <subfield code="7">0</subfield>
    <subfield code="8">Text Books</subfield>
    <subfield code="a">MCS</subfield>
    <subfield code="b">MCS</subfield>
    <subfield code="d">2005-05-28</subfield>
    <subfield code="e">NATIONAL BOOK DEPOT.</subfield>
    <subfield code="g">50.00</subfield>
    <subfield code="l">0</subfield>
    <subfield code="o">618.2 LAX</subfield>
    <subfield code="p">MCS-0725</subfield>
    <subfield code="r">2023-07-26 00:00:00</subfield>
    <subfield code="t">1</subfield>
    <subfield code="w">2023-07-26</subfield>
    <subfield code="y">BK</subfield>
  </datafield>
</record>
